000 00612nam a2200241 a 4500
001 nice12345678
003 IN_TiNIC
005 20260116014233.0
008 050804s2004 dela grp 000 0 eng
020 _a8189161318
_c625
082 0 0 _a371.9754
_bFAH
100 _aFahimuddin, Fa
245 _aModernization of Muslim Education in India
260 _aDelhi
_bAdhyayan Publishers
_c2004
300 _a266p
500 _aincludes index and biblioraphy
505 2 _aindex
650 _aEducation-Muslims India
700 1 _aFahimuddin, Fa
902 _bSRS
942 _cBK
999 _c14455
_d14455